000 00578nam a2200169 a 4500
001 000024455
005 20200930023201.0
008 110127s1977 ag ad r 000 0 spa d
040 _aDO-SdBNP
_bspa
_cBNPHU
082 _axxxxx
_bS556c
100 1 _aShillinglaw, Gordon
_950132
245 1 0 _aContabilidad de costos :
_banálisis y control /
_cGordon Shillinglaw ; traducción Anibal Carlos Leal.
260 _aBuenos Aires, Argentina :
_bLibrería El Ateneo,
_c1977.
300 _axvi, 122 p. :
_bil., diag. ;
_c23 cm.
700 1 _aCarlos Leal, Aniba,
_etr.
_950133
049 _aBNGR
999 _c23948
_d23948